000 00861nas a2200289 4500
001 BR2013003148
003 BR-BrBNA
005 20231205122228.0
007 ta
008 230509b bl.|||p| |||| 00| 00por d
040 _aBR-BrBNA
_bpor
_cBiblioteca Nacional de Agricultura
041 _a(Pt)
072 _aL70; L73
100 1 _aAlbas, A.
100 1 _aAlberti, H.
100 1 _aAlberti, A.L.L.
100 1 _aPardo, P.E.
100 1 _aGiometti, J.
245 1 _aAusência de resposta imune em bovinos vacinados contra a raiva na região de Presidente Prudente, SP, Brasil
650 _aBOVINO
650 _aVACINA
650 _aIMUNIZAÇÃO
650 _aRAIVA
773 0 _tA Hora Veterinária (Brazil)
_xISSN 0101-9163
_g(Jul-Aug 1995), v.15(86) p. 64-66
_wBR2013003148
909 _a202311
_bLúcia
_c55
_dLúcia Elande
942 _2AGRIS
_n0
_cANA
999 _c227578
_d227578